[Event "GER-chT U14 Girls"]
[Site "Arendsee"]
[Date "2011.12.29"]
[Round "6.3"]
[White "Bykov, Ilona"]
[Black "Hendus, Isabelle"]
[Result "1/2-1/2"]
[WhiteElo "800"]
[BlackElo "1081"]
[PlyCount "96"]
[EventDate "2011.12.27"]
[EventType "team-swiss"]
[EventRounds "7"]
[EventCountry "GER"]
[SourceTitle "EXT 2022"]
[Source "ChessBase"]
[SourceDate "2021.10.06"]
[SourceVersion "1"]
[SourceVersionDate "2021.10.06"]
[SourceQuality "1"]
[WhiteTeam "Karlsruhe SF U14 Girls"]
[BlackTeam "Breitenworbis U14 Girls"]
[WhiteTeamCountry "GER"]
[BlackTeamCountry "GER"]

1. e4 e5 2. Nf3 d6 3. Bc4 Be7 4. Nc3 Nf6 5. 0-0 0-0 6. d4 exd4 7. Nxd4 Re8 8. Nd5 Nxd5 9. Bxd5 c6 10. Bc4 Bf6 11. c3 Rxe4 12. Re1 Rxe1+ 13. Qxe1 Qe7 14. Qd1 Bxd4 15. cxd4 d5 16. Bb3 Bg4 17. Qf1 Nd7 18. h3 Bf5 19. Bf4 Qe4 20. Be3 Rc8 21. Re1 Qd3 22. Re2 Qb1 23. Qxb1 Bxb1 24. Re1 Bd3 25. Rd1 Bc4 26. Bc2 Bxa2 27. Bf5 Rd8 28. Bg5 f6 29. Bf4 b6 30. Bc7 Rc8 31. Bd6 Rd8 32. Bc7 Re8 33. Bd6 Nf8 34. Ra1 Rd8 35. Bxf8 Rxf8 36. Rxa2 g6 37. Bd3 a5 38. f4 Re8 39. g4 Re3 40. Bf1 Rf3 41. Kg2 Rxf4 42. Ra4 b5 43. Rxa5 Rxd4 44. Ra6 Rd2+ 45. Kf3 Rxb2 46. Rxc6 b4 47. Rxf6 b3 48. Bd3 Rh2 1/2-1/2

[Event "GER-chT U14 Girls"]
[Site "Arendsee"]
[Date "2011.12.28"]
[Round "4.3"]
[White "Bykov, Ilona"]
[Black "Harten, Janina"]
[Result "1-0"]
[WhiteElo "800"]
[BlackElo "847"]
[PlyCount "63"]
[EventDate "2011.12.27"]
[EventType "team-swiss"]
[EventRounds "7"]
[EventCountry "GER"]
[SourceTitle "EXT 2022"]
[Source "ChessBase"]
[SourceDate "2021.10.06"]
[SourceVersion "1"]
[SourceVersionDate "2021.10.06"]
[SourceQuality "1"]
[WhiteTeam "Karlsruhe SF U14 Girls"]
[BlackTeam "Harksheide U14 Girls"]
[WhiteTeamCountry "GER"]
[BlackTeamCountry "GER"]

1. e4 e5 2. Nf3 Nc6 3. Bc4 Bc5 4. Nc3 Nf6 5. d3 d6 6. Bg5 Bg4 7. Nd5 Nd4 8. c3 Nc6 9. 0-0 h6 10. Bxf6 gxf6 11. h3 Bxh3 12. gxh3 Rg8+ 13. Kh1 Kf8 14. Nh4 Qc8 15. Qf3 Nd8 16. Nxf6 Rg7 17. Rg1 Rxg1+ 18. Rxg1 Bxf2 19. Qxf2 Qxh3+ 20. Qh2 Qc8 21. Rf1 c5 22. Qg2 d5 23. Qg8+ Ke7 24. Qe8+ Kd6 25. Nf5+ Kc7 26. Qe7+ Qd7 27. Qxd7+ Kb6 28. Qd6+ Nc6 29. Nd7+ Ka5 30. Qc7+ b6 31. Qxc6 Rh8 32. Qb5# 1-0